| 000 | 00786nam a2200253 a 4500 | ||
|---|---|---|---|
| 001 | 000004490 | ||
| 003 | DO-SdBNP | ||
| 005 | 20220824091047.0 | ||
| 007 | 000004490 | ||
| 008 | 090723s2006 dr 000 f spa d | ||
| 020 | _a9945160613 | ||
| 040 |
_aBPMSU _aspa _cBPMSU |
||
| 082 | 4 |
_aRD863.44 _bC352p 2006 _222 |
|
| 100 | 0 | _aCastillo Drullard, Pedro Héctor | |
| 245 | 1 | 3 |
_aEl punto de partida de Ricardito / _cPedro Héctor Castillo Drullard ; prólogo José Nicolás Almánzar. |
| 250 | _a2a ed. | ||
| 260 |
_aSanto Domingo : _bBúho, _c2006. |
||
| 300 |
_a181 p. : _bil. ; _c22 cm. |
||
| 650 | 4 | _aNovela dominicana | |
| 650 | 4 | _aLiteratura dominicana | |
| 700 | 1 |
_aAlmánzar, José Nicolás, _epról. |
|
| 910 | _aVMateo V./Validado. Control de calidad | ||
| 942 |
_2ddc _cBK |
||
| 999 |
_c8165 _d8165 |
||